Statistics for MLB Players by Team Multiple Choice

Click here to take the quiz!

General Stats

  • This quiz has been taken 31 times
    (25 since last reset)
  • The average score is 8 of 10

Answer Stats

QuestionAnswer% Correct
Randy JohnsonD-Backs
95%
Justin VerlanderTigers
95%
Nolan RyanMets
90%
Barry BondsPirates
90%
Babe RuthRed Sox
90%
Ichiro SuzukiYankees
90%
Miguel CabreraMarlins
85%
Bernie WilliamsYankees
65%
Rickey HendersonDodgers
60%
Mark MelanconPirates
50%

Score Distribution

Percentile by Number Answered

Percent of People with Each Score

Your Score History

You have not taken this quiz since the last reset